| 000 | 00766nam a2200205 i 4500 | ||
|---|---|---|---|
| 001 | 170853 | ||
| 003 | ES-MaACL | ||
| 005 | 20251003063151.0 | ||
| 008 | 090413s1956 sp |||| | spa d | ||
| 100 | 0 |
_aVicente Ferrer, _cSanto, _d1350-1419 _9114355 |
|
| 245 | 1 | 0 |
_aBiografía y escritos de San Vicente Ferrer / _cdirección e introducciones de José M. de Garganta y Vicente Forcada. |
| 260 |
_aMadrid : _bLa Editorial Católica, _c1956. |
||
| 300 |
_aXXXI, 730 p. ; _c20 cm. |
||
| 490 | 1 |
_aBiblioteca de autores cristianos ; _v153 |
|
| 700 | 0 |
_aGarganta, José María de. _955535 |
|
| 700 | 1 |
_aForcada, Vicente. _9139770 |
|
| 830 | 0 | 0 |
_aBiblioteca de autores cristianos _v153 _9178679 |
| 852 |
_aES-MaACL _jJ-151 _9R.46092 |
||
| 999 |
_c170853 _d170853 |
||